Survey on swine erysipelas and classical swine fever in angkor borey district takeo province, ការអង្កេតអំពីជំងឺកញ្រ្ជិល និងប៉េស្តជ្រូក នៅស្រុកអង្គរបុរី ខេត្តតាកែវ (Record no. 2791)

000 -LEADER
fixed length control field 00645nam a22001337a 4500
040 ## - CATALOGING SOURCE
Transcribing agency RUA
082 ## - DEWEY DECIMAL CLASSIFICATION NUMBER
Classification number AVM CHU 2013 B111 Or.1
100 ## - MAIN ENTRY--AUTHOR NAME
Personal name CHUM, PHEAP.
245 ## - TITLE STATEMENT
Title Survey on swine erysipelas and classical swine fever in angkor borey district takeo province, ការអង្កេតអំពីជំងឺកញ្រ្ជិល និងប៉េស្តជ្រូក នៅស្រុកអង្គរបុរី ខេត្តតាកែវ
260 ## - PUBLICATION, DISTRIBUTION, ETC. (IMPRINT)
Place of publication Phnom Penh
Name of publisher RUA
Year of publication 2013
300 ## - PHYSICAL DESCRIPTION
Number of Pages ix; 38p.
Other physical details ill.
Dimensions 29cm.
856 ## - ELECTRONIC LOCATION AND ACCESS
Uniform Resource Identifier https://drive.google.com/file/d/1Odi3R_QLRW5del-kY2dp1-zX_lwJ1ctz/view?usp=sharing
942 ## - ADDED ENTRY ELEMENTS (KOHA)
Koha item type AVM
952 ## - LOCATION AND ITEM INFORMATION (KOHA)
Withdrawn status [LOCAL, KOHA] 0
952 ## - LOCATION AND ITEM INFORMATION (KOHA)
Withdrawn status [LOCAL, KOHA] 0
952 ## - LOCATION AND ITEM INFORMATION (KOHA)
Withdrawn status [LOCAL, KOHA] 0
952 ## - LOCATION AND ITEM INFORMATION (KOHA)
Withdrawn status [LOCAL, KOHA] 0
952 ## - LOCATION AND ITEM INFORMATION (KOHA)
Withdrawn status [LOCAL, KOHA] 0
952 ## - LOCATION AND ITEM INFORMATION (KOHA)
Withdrawn status [LOCAL, KOHA] 0
952 ## - LOCATION AND ITEM INFORMATION (KOHA)
Withdrawn status [LOCAL, KOHA] 0
952 ## - LOCATION AND ITEM INFORMATION (KOHA)
Withdrawn status [LOCAL, KOHA] 0
Holdings
Permanent Location Date acquired Koha item type Lost status Shelving location Barcode Current Location Full call number
Library Block B2015-10-27AVM B111RUA018904Library Block BAVM CHU 2013 B111 Or.1
Library Block B2015-10-27AVM B111RUA018975Library Block BAVM CHU 2013 B111 Or.2
Library Block B2015-10-27AVM B111RUA018689Library Block BAVM CHU 2013 B111 Or.3
Library Block B2015-10-27AVM B111RUA018688Library Block BAVM CHU 2013 B111 Or.4
Library Block B2015-10-27AVM B111RUA018760Library Block BAVM CHU 2013 B111 Or.5
Library Block B2015-10-27AVM B111RUA018696Library Block BAVM CHU 2013 B111 Or.6
Library Block B2015-10-27AVM B111RUA017731Library Block BAVM CHU 2013 B111 Or.7
Library Block B2015-10-27AVM B111RUA017659Library Block BAVM CHU 2013 B111 Or.8
មជ្ឈមណ្ឌលឯការនៃសាកលវិទ្យាល័យភូមិន្ទកសិកម្មចំការដូង

Powered by Koha